000 00712nam a2200241 i 4500
001 bg
245 0 0 _aEuropa :
_bregiony i paƄstwa historyczne /
_cpod red. Marcina Kamlera.
260 _aWarszawa :
_bWydaw. Naukowe PWN,
_c2000.
300 _a399, [1] s. ;
_c21 cm.
490 1 _aPWN - Leksykon
651 9 _aEuropa
_xhistoria
655 _aEncyklopedie
700 1 _aKAMLER, Marcin
_d(1935- ).
_eRed.
830 _aPWN - Leksykon
020 _a8301132914
040 _cBPK
041 0 _apl
080 _a94(4)(03)
920 _a83-01-13291-4
942 _cKS
008 s pl f |000 0 pol
999 _c40821
_d40821
856 _uhttp://koha.tu.koszalin.pl/cgi-bin/koha/opac-detail.pl?biblionumber=40821
_yKatalog online BPK